000
00279cam a2200109ua 4500
082
_a
332
_b
DAY/OU
100
_a
Day, A.C.L .
_9
1951
245
_a
Outlines of Monetary Economics /
260
_a
London :
_b
Oxford at the Clarendon Press ,
_c
1963.
300
_a
559 ; .
942
_c
BK
999
_c
12796
_d
12796